|
|
|
|
| LEADER |
00000cam a2200000 7i4500 |
| 001 |
0000005771 |
| 002 |
000006238 |
| 005 |
20000330.0 |
| 020 |
|
|
|a T000000485
|
| 090 |
0 |
0 |
|a 331.124
|b MAY
|
| 100 |
1 |
|
|a Mayoh, E.L
|
| 245 |
1 |
0 |
|a Win that job :
|b plan your tactics,organise your tactics,organise your attack and succeed
|c E.L Moyoh
|
| 260 |
|
|
|a New Delhi :
|b Rusa & Co ,
|c 1989
|
| 300 |
|
|
|a 93p. ;
|c 21cm.
|
| 650 |
0 |
0 |
|a Job hunting
|
| 999 |
|
|
|a 032968
|b BUKU
|c PINJAMAN
|e PERPUSTAKAAN KOMUNITI PETALING JAYA
|
| 999 |
|
|
|a 032969
|b BUKU
|c PINJAMAN
|e PERPUSTAKAAN KOMUNITI PETALING JAYA
|
| 999 |
|
|
|a 032970
|b BUKU
|c PINJAMAN
|e PERPUSTAKAAN KOMUNITI PETALING JAYA
|